Score 0/37 Timer 04:00
0 Plays Today
Hint 4-Letter Word % Correct
Fired a gunSHOT
92.5%
Hole to get water fromWELL
91.5%
It goes in a sock or slipperFOOT
91.3%
✤ Insects ✤ ✤ BUGS ✤
91.3%
A male cattleBULL
91%
✤ How you bequeath valuables when you die ✤ ✤ WILL ✤
90.9%
Chimney sweeps encounter thisSOOT
90.3%
Handle with ____CARE
90.3%
An itemized list of chargesBILL
88.8%
Cost for a taxi rideFARE
88.6%
To vendSELL
88.3%
Place to keep chickensCOOP
86.6%
✤ Your employer or manager ✤ ✤ BOSS ✤
86%
✤ There's no business like this one ✤ ✤ SHOW ✤
83.6%
Line where fabrics are stitched togetherSEAM
83.4%
'Kiss From a Rose' singerSEAL
83.1%
Something you do to wood or vegetablesCHOP
82.7%
Large company (abbr)CORP
82.3%
A fish or to complainCARP
81.8%
Hint 4-Letter Word % Correct
Utterances from an upset audienceBOOS
81.1%
Comic Sans, Futura or Papyrus, e.g.FONT
80.9%
✤ Abbott & Costello: ____ on First? ✤ ✤ WHO'S ✤
79.4%
Said twice, a type of trainCHOO
77.1%
Having affection forFOND
76.8%
Courts, seduces, wins overWOOS
76.8%
George Bernard or Robert GouldSHAW
74.5%
Greenish precious stoneJADE
74.5%
A hoax/fraud or a pillow coverSHAM
74.4%
Lose distinctivenessFADE
72.9%
Precedes 'hoo' in a Homer Simpson expressionWHOO
70.9%
The enormity or mass of somethingBULK
68.1%
World Wildlife has oneFUND
64.2%
Law or The ObscureJUDE
63.3%
Ashley ____ ApatowJUDD
60.9%
KissBUSS
55.4%
To perform music on the streetBUSK
54.7%
✤ Duff Beer's chief competitor ✤ ✤ FUDD ✤
52.9%

Today's Daily Dose

Remove Ads.
Support Sporcle.
Get the best of Sporcle when you Go Orange. This ad-free experience offers more features, more stats, and more fun while also helping to support Sporcle. Thank you for becoming a member.

You're not logged in!

Compare scores with friends on all Sporcle quizzes.
OR
Log In

Show Comments

Extras

Top Quizzes Today


Score Distribution

Your Account Isn't Verified!

In order to create a playlist on Sporcle, you need to verify the email address you used during registration. Go to your Sporcle Settings to finish the process.

Report this User

Report this user for behavior that violates our Community Guidelines.

Details: